| 000 | 01265cam a2200313 a 4500 | ||
|---|---|---|---|
| 001 | 000015563 | ||
| 005 | 20200929164058.0 | ||
| 008 | 830831s1979 cu 000 0 eng | ||
| 040 |
_aDO-SdBNP _cDLC _dDLC |
||
| 043 | _acl----- | ||
| 050 | 0 | 0 |
_aF1412 _b.T73 1979 |
| 082 |
_annn _bT796 |
||
| 245 | 0 | 0 |
_aTres documentos de nuestra América / _cedición ; Roberto Romaní Velazco. |
| 260 |
_aLa Habana, Cuba : _bCasa de las Américas, _c1979. |
||
| 300 |
_a273 p. ; _c23 cm. |
||
| 490 | 1 | _aPensamiento de nuestra América | |
| 500 | _aInglés, francés, portugués y español. | ||
| 505 | 0 | _aCarta de Jamaica / Simón Bolivar -- Nuestra América / José Martí -- Segunda Declaración de La Habana. | |
| 651 | 0 |
_aLatin America _xHistory _yWars of Independence, 1806-1830 _xSources. _935111 |
|
| 651 | 0 |
_aLatin America _xHistory _y1830- _xSources. _935112 |
|
| 700 | 1 |
_aRomaní Velazco, Roberto _eed. _935113 |
|
| 700 | 1 | 2 |
_aBolivar, Simon, _d1783-1830. _tCarta de Jamaica. _f1979. _935114 |
| 700 | 1 | 2 |
_aMarti, Jose, _d1853-1895. _tNuestra America. _f1979. _935115 |
| 730 | 0 | 2 |
_aSegunda Declaracion de La Habana. _f1979. _935116 |
| 830 | 0 |
_aPensamiento de nuestra América ; _935117 |
|
| 910 | _aCatalogación por copia / LC | ||
| 082 | 0 | 0 |
_a980/.02 _219 |
| 049 | _aBNGR | ||
| 999 |
_c15119 _d15119 |
||